<?xml version="1.0" encoding="UTF-8"?>
<record
    xmlns:xsi="http://www.w3.org/2001/XMLSchema-instance"
    xsi:schemaLocation="http://www.loc.gov/MARC21/slim http://www.loc.gov/standards/marcxml/schema/MARC21slim.xsd"
    xmlns="http://www.loc.gov/MARC21/slim">

  <leader>01230nam a2200181Ia 4500</leader>
  <controlfield tag="008">151202s9999||||xx |||||||||||||| ||und||</controlfield>
  <datafield tag="082" ind1=" " ind2=" ">
    <subfield code="b">PNVM-124044</subfield>
  </datafield>
  <datafield tag="100" ind1=" " ind2=" ">
    <subfield code="a">&#x92E;&#x94B;&#x930;&#x94B;&#x92A;&#x902;&#x924;/&#x938;&#x902;&#x92A;&#x93E;-&#x92A;&#x902;&#x924;&#x92A;&#x930;&#x93E;&#x921;&#x915;&#x930;&#x930;&#x93E;&#x92E;&#x915;&#x943;&#x937;&#x94D;&#x923; &#x926;&#x924;&#x94D;&#x924;&#x93E;&#x924;&#x94D;&#x930;&#x947;&#x92F;.</subfield>
  </datafield>
  <datafield tag="245" ind1=" " ind2=" ">
    <subfield code="a">&#x906;&#x930;&#x94D;&#x92F;&#x93E;&#x92D;&#x93E;&#x930;&#x924; &#x906;&#x926;&#x93F; &#x938;&#x92D;&#x93E; &#x935;&#x928; &#x935;&#x93F;&#x930;&#x93E;&#x91F; &#x92A;&#x930;&#x94D;&#x935;&#x947; &#x92E;&#x94B;&#x930;&#x94B;&#x92A;&#x902;&#x924;&#x93E;&#x902;&#x91A;&#x947; &#x938;&#x92E;&#x917;&#x94D;&#x930; &#x917;&#x94D;&#x930;&#x902;&#x925; 1.</subfield>
  </datafield>
  <datafield tag="260" ind1=" " ind2=" ">
    <subfield code="b">"&#x92A;&#x930;&#x93E;&#x921;&#x915;&#x930; &#x930;&#x93E;&#x92E;&#x915;&#x943;&#x937;&#x94D;&#x923; &#x926;&#x924;&#x94D;&#x924;&#x93E;&#x924;&#x94D;&#x930;&#x947;&#x92F;,&#x92A;&#x941;&#x923;&#x947;."</subfield>
  </datafield>
  <datafield tag="260" ind1=" " ind2=" ">
    <subfield code="c">1912</subfield>
  </datafield>
  <datafield tag="300" ind1=" " ind2=" ">
    <subfield code="a">710</subfield>
  </datafield>
  <datafield tag="600" ind1=" " ind2=" ">
    <subfield code="a">&#x92E;&#x94B;&#x930;&#x94B;&#x92A;&#x902;&#x924;/&#x938;&#x902;&#x92A;&#x93E;-&#x92A;&#x902;&#x924;&#x92A;&#x930;&#x93E;&#x921;&#x915;&#x930;&#x930;&#x93E;&#x92E;&#x915;&#x943;&#x937;&#x94D;&#x923; &#x926;&#x924;&#x94D;&#x924;&#x93E;&#x924;&#x94D;&#x930;&#x947;&#x92F;.</subfield>
  </datafield>
  <datafield tag="630" ind1=" " ind2=" ">
    <subfield code="a">&#x906;&#x930;&#x94D;&#x92F;&#x93E;&#x92D;&#x93E;&#x930;&#x924; &#x906;&#x926;&#x93F; &#x938;&#x92D;&#x93E; &#x935;&#x928; &#x935;&#x93F;&#x930;&#x93E;&#x91F; &#x92A;&#x930;&#x94D;&#x935;&#x947; &#x92E;&#x94B;&#x930;&#x94B;&#x92A;&#x902;&#x924;&#x93E;&#x902;&#x91A;&#x947; &#x938;&#x92E;&#x917;&#x94D;&#x930; &#x917;&#x94D;&#x930;&#x902;&#x925; 1.</subfield>
  </datafield>
  <datafield tag="700" ind1=" " ind2=" ">
    <subfield code="a">&#x92E;&#x94B;&#x930;&#x94B;&#x92A;&#x902;&#x924;/&#x938;&#x902;&#x92A;&#x93E;-&#x92A;&#x902;&#x924;&#x92A;&#x930;&#x93E;&#x921;&#x915;&#x930;&#x930;&#x93E;&#x92E;&#x915;&#x943;&#x937;&#x94D;&#x923; &#x926;&#x924;&#x94D;&#x924;&#x93E;&#x924;&#x94D;&#x930;&#x947;&#x92F;.</subfield>
  </datafield>
  <datafield tag="730" ind1=" " ind2=" ">
    <subfield code="a">&#x906;&#x930;&#x94D;&#x92F;&#x93E;&#x92D;&#x93E;&#x930;&#x924; &#x906;&#x926;&#x93F; &#x938;&#x92D;&#x93E; &#x935;&#x928; &#x935;&#x93F;&#x930;&#x93E;&#x91F; &#x92A;&#x930;&#x94D;&#x935;&#x947; &#x92E;&#x94B;&#x930;&#x94B;&#x92A;&#x902;&#x924;&#x93E;&#x902;&#x91A;&#x947; &#x938;&#x92E;&#x917;&#x94D;&#x930; &#x917;&#x94D;&#x930;&#x902;&#x925; 1.</subfield>
  </datafield>
  <datafield tag="942" ind1=" " ind2=" ">
    <subfield code="c">BOOK</subfield>
  </datafield>
  <datafield tag="999" ind1=" " ind2=" ">
    <subfield code="c">1354173</subfield>
    <subfield code="d">1354170</subfield>
  </datafield>
  <datafield tag="952" ind1=" " ind2=" ">
    <subfield code="0">0</subfield>
    <subfield code="1">0</subfield>
    <subfield code="4">0</subfield>
    <subfield code="7">0</subfield>
    <subfield code="a">PNVM</subfield>
    <subfield code="b">PNVM</subfield>
    <subfield code="d">2015-06-21</subfield>
    <subfield code="g">0.00</subfield>
    <subfield code="l">0</subfield>
    <subfield code="o">PNVM-124044</subfield>
    <subfield code="p">PNVM-124044</subfield>
    <subfield code="r">2015-12-02 00:00:00</subfield>
    <subfield code="v">0.00</subfield>
    <subfield code="w">2015-12-02</subfield>
    <subfield code="y">BOOK</subfield>
  </datafield>
</record>
